000 00594nam a22002177a 4500
003 OSt
005 20140310182923.0
008 130129t xxu||||| |||| 00| 0 eng d
020 _a9712329372
050 _aPE1130
_b.B223 2000
082 _aFIL 428.2
_2B23 2000
245 _aEnglish plus : grammatical competence towards communicative competence /
_cBaraceros, Esther
260 _aManila
_b Rex Book Store
_c2000
300 _a142 p
_c23 cm
521 _acollege students
526 _c1210L-1700L
541 _j1
541 _j2
562 _e2
942 _2lcc
_cBK
_kFIL
999 _c17374
_d17374